00000000nam##2200000za#4500
0019.627455
003CaOODSP
00520210615105148
007ta
008150406|2007||||xxc|||||     f|0| 0 fre|d
022 |a0706-6570
040 |aCaOODSP|bfre
043 |an-cn---
0861 |aFs97-6/2696F
1101 |aCanada. |bMinistère des pêches et des océans.
24510|aEssais de 12 modèles de casiers de pêche au buccin commun (Buccinum undatum) en milieu naturel et observations comportementales en bassin / |c[par] Michel Giguère, Sylvie Brulotte et Sophie Brillon.
260 |aMont-Joli - Québec : |bPêches et Océans Canada |c2007.
300 |aviii, 36p. : |bgraphiques, cartes, références, tableaux, photographies ; |c28 cm.
4901 |aRapport technique canadien des sciences halieutiques et aquatiques|x0706-6570|vN° 2696
500 |a«Direction régionale des sciences, Ministère des Pêches et des Océans, Institut Maurice-Lamontagne, 850 route de la mer, C.P. 1000, Mont-Joli, Québec, G5H 3Z4»
5203 |aCe rapport fait partie d’une série de rapports contenant des renseignements scientifiques et techniques qui constituent une contribution aux connaissances scientifiques actuelles, mais qui ne sont pas normalement appropriés pour la publication dans un journal scientifique. La recherche porte sur des sujets tels que les modèles d’écosystème, les méthodes de mise en valeur de l’aquaculture, le matériel de pêche commerciale, et les menaces environnementales à la qualité des milieux aquatiques et des ressources halieutiques. Comprend des tableaux, des figures et des graphiques.
546 |a(Abstract in English.)
563 |aCouverture souple
590 |a07-16|b2007-04-20
69107|aPêcheries|2gcpds
69107|aTechnologie de la pêche|2gcpds
7201 |aGiguère, Michel
7201 |aBrulotte, Sylvie
7201 |aBrillon, Sophie
7760#|tEssais de 12 modèles de casiers de pêche au buccin commun (Buccinum undatum) en milieu naturel et observations comportementales en bassin / |w(CaOODSP)9.604060
830#0|aRapport technique canadien des sciences halieutiques et aquatiques,|x0706-6570|vN° 2696|w(CaOODSP)9.513015